| 000 | 00772nam a2200217 i 4500 | ||
|---|---|---|---|
| 001 | 44455 | ||
| 003 | ES-MaACL | ||
| 005 | 20230906161033.0 | ||
| 007 | t| | ||
| 008 | 030321s1867 sp ||||1| spa d | ||
| 100 | 1 |
_aCeballos, Juan. _937275 |
|
| 245 | 1 | 0 |
_aDe las tallas perineales y del cateterismo perineal forzado / _cpor el Doctor D. Juan Ceballos. |
| 260 |
_aCádiz : _b[s.n.], _c1867 ( _fTip. de la Paz, a cargo de José M. Velasco) |
||
| 300 |
_a407 p. ; _c25 cm. |
||
| 530 | _aDisponible en formato digital. | ||
| 650 | 4 |
_aPeriné- _xCirugía. _9171295 |
|
| 650 | 4 |
_aVejiga- _xCirugía. _9166437 |
|
| 650 | 0 | 0 |
_aCateterismo. _910854 |
| 852 |
_aES-MaACL _jT-620-F-1 |
||
| 856 |
_uhttp://bdh-rd.bne.es/viewer.vm?id=0000056081&page=1 _zBiblioteca Digital Hispánica |
||
| 999 |
_c44455 _d44455 |
||